Nombra el país válido - Estadísticas

Estadísticas generales
  • Esta prueba ha sido intentada 24 veces
  • La puntuación promedio es 7 de 14
Estadísticas de respuestas
Hint Respuesta % Correcto
Inventó la aspirina Alemania
92%
Líder en donación y trasplantes de órganos España
92%
Único país europeo con 3 volcanes activos y 750 inmobiliarias de SoloAfitti Italia
83%
Se consumen más de 100 millones de tazas al día Reino Unido
83%
Pioneros en legalizar el matrimonio homosexual Paises Bajos
63%
Tiene el récord europeo de más fronteras (8) Austria
54%
Mayor consumo de cerveza per cápita Republica Checa
46%
La cerveza fue ilegal hasta 1989 Islandia
42%
Cuenta con el segundo metro más antiguo de Europa Hungría
38%
Existen 750.000 búnkeres Albania
29%
Cerca de 700 osos pardos viven aquí Eslovenia
29%
País con el punto más bajo de la tierra Jordania
29%
Su capital es una ciudad-fortaleza Malta
29%
Tiene más de 1.200 islas Croacia
25%
No se encontraron pruebas coincidentes
Distribución de puntuación
Porcentaje de gente con cada puntuación
Porcentaje por número respondido
Historial de tus puntuaciones
No has intentado esta prueba.